|
|
|
|
| LEADER |
00000nam a2200000 4500 |
| 008 |
161011bsf cr a|||| |||| 00| | spa d |
| 090 |
|
|
|a 05.02.02
|b 2389
|
| 110 |
2 |
|
|9 545
|a Costa Rica. Ministerio de Educación Pública
|
| 245 |
1 |
3 |
|a La unidad de lo diverso
|
| 260 |
|
|
|a [San José, Costa Rica ] :
|b MEP,
|c [Fecha de publicación no identificada]
|
| 300 |
|
|
|a 64 páginas;
|b ilustraciones
|
| 650 |
1 |
4 |
|9 480
|a IDENTIDAD CULTURAL
|
| 650 |
1 |
4 |
|9 829
|a DIVERSIDAD CULTURAL
|
| 651 |
|
4 |
|9 47
|a COSTA RICA
|
| 700 |
|
|
|9 2066
|a Muñoz, Dilcia
|e ilustrador/a
|
| 942 |
|
|
|i 004256
|h 05.02.02 2389
|2 z
|c 01
|
| 999 |
|
|
|c 3336
|d 3336
|